La Gambie pour les touristes... - Statistiques

Statistiques générales
  • Ce quiz a été pris 5 fois
  • Le résultat moyen est 9 sur 20
Statistiques - réponses
Question Indice Réponses % Correct
La religion majoritaire est Islam
100%
Ce pays est plus grand que la France (oui/non) Non
100%
Quelle est la langue officielle ? Anglais
75%
Le principal aéroport est B Banjul
75%
Quelles sont les principaux lieux touristiques ? B Banjul
75%
Quelles sont les principaux lieux touristiques ? G Fleuve {Gambie}
75%
Le suffixe internet est gm
75%
Quel pays a accordé son indépendance à celui-ci ? Royaume-Uni
75%
Dans la capitale quel est le décalage horaire avec Paris ? (+ ou - et chiffre) ex - 10 ou + 3,5 - 2
50%
Achats à faire 3/ Jeu d' Echecs
50%
Quel est le climat local ? E Equatorial
50%
Quel est le régime du pays ? R République
50%
Quelles sont les principaux lieux touristiques ? O Côte {ouest}
25%
Quelle est la monnaie ? Dalasi
25%
Quelles sont les principaux lieux touristiques ? B Port de {Bakau}
25%
Achats à faire 2/ Peintures naïves Batik
0%
Quelles sont les principaux lieux touristiques ? B {Bijilo} Forest park
0%
Achats à faire 1/ Sculpture en bois de Brikama
0%
Quelles sont les principaux lieux touristiques ? JJB Ville de {Jan Jan Bureth}
0%
Code sur les plaques minéralogiques WAG
0%
Aucun quiz correspondant
Distribution des résultats
% des personnes avec chaque résultat
Percentile par nombre de réponses
Votre historique - résultats
Vous n’avez pas pris ce quiz